Buffalo Football: Top 10 All-Time Leaders - Statistics

General Stats
  • This quiz has been taken 3 times
  • The average score is 24 of 61
Answer Stats
Category # Player Amount % Correct
Receiving Yards 4 Anthony Johnson 2,367
100%
Rushing Yards 8 Jordan Johnson 2,212
100%
Sacks 1 Khalil Mack 28.5
100%
Passing Yards 4 Tyree Jackson 6,999
100%
Tackles 5 James Patterson 400
67%
Rushing Yards 2 Jaret Patterson 3,884
67%
Tackles 6 Shaun Dolac 391
67%
Sacks 5 Steven Means 18.5
67%
Rushing Yards 6 Alan Bell 3,002
33%
Receiving Yards 3 Alex Neutz 3,094
33%
Receiving Yards 10 Andre Forde 1,775
33%
Interceptions 3 Andy Hurley 16
33%
Rushing Yards 7 Anthone Taylor 2,651
33%
Rushing Yards 4 Anthony Swan 3,103
33%
Rushing Yards 1 Branden Oliver 4,049
33%
Receiving Yards 7 Brett Hamlin 2,190
33%
Passing Yards 8 Chad Salisbury 4,947
33%
Receiving Yards 5 Chris D'Amico 2,331
33%
Passing Yards 3 Cliff Scott 7,578
33%
Passing Yards 7 Cole Snyder 5,139
33%
Tackles 2 Craig Guest 455
33%
Interceptions T10 Craig Rohlfs 10
33%
Interceptions T4 Dan Sella 12
33%
Sacks T6 Dave May 18.0
33%
Tackles 1 Davonte Shannon 461
33%
Interceptions T10 Davonte Shannon 10
33%
Interceptions T8 Dominic Cook 11
33%
Receiving Yards 2 Drew Haddad 3,409
33%
Passing Yards 2 Drew Willy 8,748
33%
Receiving Yards 9 Frank Price 1,810
33%
Passing Yards 10 Frank Reilly 4,255
33%
Interceptions T8 Gordon Bukaty 11
33%
Sacks 10 Hardy Mitchell 15.5
33%
Rushing Yards 3 James Starks 3,140
33%
Tackles 8 J.J. Gibson 357
33%
Passing Yards 6 Joe Freedy 5,912
33%
Passing Yards 1 Joe Licata 9,485
33%
Interceptions 2 John Bernard 18
33%
Receiving Yards 6 Kali Watkins 2,260
33%
Sacks 9 Keith Hansen 16.0
33%
Rushing Yards 5 Kevin Marks 3,035
33%
Tackles 3 Khalil Hodge 421
33%
Passing Yards 9 Kyle Vantrease 4,755
33%
Tackles 9 Lee Skinner 344
33%
Sacks T6 Malcolm Koonce 18.0
33%
Interceptions T4 Mark Graham 12
33%
Passing Yards 5 Marty Barrett 6,945
33%
Tackles 4 Mike Laipple 402
33%
Tackles 10 Mike Newton 342
33%
Interceptions T4 Mike Newton 12
33%
Receiving Yards 1 Naaman Roosevelt 3,551
33%
Rushing Yards 9 O.D. Underwood 2,062
33%
Tackles 7 Pete Conley 376
33%
Sacks T2 Rich Dadabo 24.0
33%
Rushing Yards 10 Ron Cook Jr. 1,826
33%
Receiving Yards 8 Rusty Knapp 2,105
33%
Interceptions 1 Steve Nappo 19
33%
Sacks 8 Taylor Riggins 17.5
33%
Interceptions T4 Tim Hurd 12
33%
Sacks 4 Trevor Scott 19.0
33%
Sacks T2 Vince Canosa 24.0
33%
No matching quizzes found
Score Distribution
Percent of People with Each Score
Percentile by Number Answered
Your Score History
You have not taken this quiz